Code-barres par pays (Préfixes GS1) - Statistiques

Statistiques générales
  • Ce quiz a été pris 4 fois
  • Le résultat moyen est 90 sur 123
Statistiques - réponses
Hint Réponse % Correct
400-440(440 = ancienne RDA) Allemagne
100%
540-549 Belgique/Luxembourg
100%
754-755 Canada
100%
680-681,690-699 Chine
100%
001-019,030-039, 060-099, 100-139 États-Unis
100%
300-379 France/Monaco
100%
600-601 Afrique du Sud
75%
613 Algérie
75%
606 Angola
75%
628 Arabie Saoudite
75%
778-779 Argentine
75%
485 Arménie
75%
930-939 Australie
75%
900-919 Autriche
75%
476 Azerbaïdjan
75%
608 Bahreïn
75%
481 Biélorussie
75%
883 Birmanie
75%
777 Bolivie
75%
387 Bosnie-Herzégovine
75%
789-790 Brésil
75%
380 Bulgarie
75%
884 Cambodge
75%
780 Chili
75%
529 Chypre
75%
770-771 Colombie
75%
867 Corée du Nord
75%
880-881 Corée du Sud
75%
744 Costa Rica
75%
385 Croatie
75%
850 Cuba
75%
570-579 Danemark/Îles Féroé/Groenland
75%
622 Égypte
75%
629 Émirats Arabes Unis
75%
786 Équateur
75%
840-849 Espagne/Andorre
75%
474 Estonie
75%
640-649 Finlande
75%
486 Géorgie
75%
603 Ghana
75%
520-521 Grèce
75%
740 Guatemala
75%
742 Honduras
75%
599 Hongrie
75%
890 Inde
75%
899 Indonésie
75%
626 Iran
75%
539 Irlande
75%
569 Islande
75%
729 Israël
75%
800-839 Italie/Saint-Marin/Vatican
75%
450-459,490-499 Japon
75%
487 Kazakhstan
75%
616 Kenya
75%
470 Kirghizistan
75%
390 Kosovo
75%
627 Koweït
75%
475 Lettonie
75%
528 Liban
75%
624 Libye
75%
477 Lituanie
75%
531 Macédoine du Nord
75%
535 Malte
75%
611 Maroc
75%
750 Mexique
75%
865 Mongolie
75%
389 Monténégro
75%
631 Namibie
75%
743 Nicaragua
75%
615 Nigéria
75%
700-709 Norvège
75%
940-949 Nouvelle-Zélande
75%
607 Oman
75%
605 Ouganda
75%
478 Ouzbékistan
75%
896 Pakistan
75%
745 Panama
75%
784 Paraguay
75%
775 Pérou
75%
480 Philippines
75%
590 Pologne
75%
560 Portugal
75%
630 Qatar
75%
594 Roumanie
75%
500-509 Royaume-Uni
75%
460-469(ex-URSS) Russie
75%
632 Rwanda
75%
741 Salvador
75%
604 Sénégal
75%
860(ancienne Yougoslavie) Serbie
75%
888 Singapour
75%
858 Slovaquie
75%
383 Slovénie
75%
612 Somalie
75%
479 Sri Lanka
75%
730-739 Suède
75%
760-769 Suisse/Liechtenstein
75%
621 Syrie
75%
488 Tadjikistan
75%
471 Taïwan
75%
620 Tanzanie
75%
859(ancienne Tchécoslovaquie) Tchéquie
75%
885 Thaïlande
75%
619 Tunisie
75%
483 Turkménistan
75%
868-869 Turquie
75%
482 Ukraine
75%
773 Uruguay
75%
759 Vénézuéla
75%
893 Vietnam
75%
530 Albanie
50%
894 Bangladesh
50%
623(non utilisé depuis mai 2021) Bruneï
50%
617 Cameroun
50%
618 Côte d'Ivoire
50%
625 Jordanie
50%
955 Malaisie
50%
609 Maurice
50%
484 Moldavie
50%
870-879 Pays-Bas
50%
746 République Dominicaine
50%
489 Hong Kong
25%
958 Macao
25%
Aucun quiz correspondant
Distribution des résultats
% des personnes avec chaque résultat
Percentile par nombre de réponses
Votre historique - résultats
Vous n’avez pas pris ce quiz